Derivatives and True and Fair View
Riziko a problémy pri nedodržaní zásady verného a poctivého zobrazenia účtovnej závierky pri meraní a účtovaní finančných derivátov, ktoré môže spôsobiť rýchle poklesy, respektíve kolísanie hodnôt derivátov v účtovníctve.
Saved in:
| Main Author: | |
|---|---|
| Format: | Book Chapter |
| Language: | Slovak |
| Subjects: | |
| Tags: |
No Tags, Be the first to tag this record!
|
MARC
| LEADER | 00000nla a2200000 4500 | ||
|---|---|---|---|
| 001 | 0213009 | ||
| 005 | 20240502083533.9 | ||
| 041 | 0 | |a slo | |
| 044 | |a CZ | ||
| 245 | 1 | 0 | |a Derivatives and True and Fair View |c Katarína Hunyady |
| 520 | |a Riziko a problémy pri nedodržaní zásady verného a poctivého zobrazenia účtovnej závierky pri meraní a účtovaní finančných derivátov, ktoré môže spôsobiť rýchle poklesy, respektíve kolísanie hodnôt derivátov v účtovníctve. | ||
| 610 | 2 | 0 | |a účtovníctvo finančné |
| 610 | 2 | 0 | |a metódy účtovné |
| 610 | 2 | 0 | |a postupy účtovné |
| 610 | 2 | 0 | |a obdobie účtovné |
| 610 | 2 | 0 | |a závierka účtovná |
| 610 | 2 | 0 | |a hodnota reálna |
| 610 | 2 | 0 | |a deriváty |
| 100 | 1 | |a Hunyady, Katarína | |